South Eastern Kenya University

Library Online Public Access Catalogue


Philosophy : (Record no. 14217)

MARC details
000 -LEADER
fixed length control field 00667pam a2200241 i 4500
001 - CONTROL NUMBER
control field 819293
003 - CONTROL NUMBER IDENTIFIER
control field OSt
005 - DATE AND TIME OF LATEST TRANSACTION
control field 20160519104934.0
008 - FIXED-LENGTH DATA ELEMENTS--GENERAL INFORMATION
fixed length control field 761112s1977 nyua b 001 0 eng
010 ## - LIBRARY OF CONGRESS CONTROL NUMBER
LC control number 76054985
020 ## - INTERNATIONAL STANDARD BOOK NUMBER
International Standard Book Number 0030898803
040 ## - CATALOGING SOURCE
Original cataloging agency SEKU
050 00 - LIBRARY OF CONGRESS CALL NUMBER
Classification number BD 21
Item number .C57 1977
082 00 - DEWEY DECIMAL CLASSIFICATION NUMBER
Classification number 100
100 1# - MAIN ENTRY--PERSONAL NAME
Personal name Christian, James Lee,
Dates associated with a name 1927-
245 10 - TITLE STATEMENT
Title Philosophy :
Remainder of title an introduction to the art of wondering /
Statement of responsibility, etc. James L. Christian.
250 ## - EDITION STATEMENT
Edition statement 2nd ed.
260 ## - PUBLICATION, DISTRIBUTION, ETC. (IMPRINT)
Place of publication, distribution, etc. New York :
Name of publisher, distributor, etc. Holt, Rinehart and Winston,
Date of publication, distribution, etc. c1977.
300 ## - PHYSICAL DESCRIPTION
Extent 716 p. :
Other physical details ill.
504 ## - BIBLIOGRAPHY, ETC. NOTE
Bibliography, etc Includes bibliography.
650 #0 - SUBJECT ADDED ENTRY--TOPICAL TERM
Topical term or geographic name as entry element Philosophy
Form subdivision Introductions.
942 ## - ADDED ENTRY ELEMENTS (KOHA)
Source of classification or shelving scheme Library of Congress Classification
Koha item type General circulation
Holdings
Withdrawn status Lost status Source of classification or shelving scheme Damaged status Not for loan Home library Current library Shelving location Date acquired Source of acquisition Total Checkouts Full call number Barcode Date last seen Date last checked out Price effective from Koha item type
    Library of Congress Classification     Main Campus Library Main Campus Library General Stacks 19/05/2016 Donation - Books for Africa 2 BD 21 .C43 1977 2016/015203 03/12/2019 25/11/2019 19/05/2016 General circulation
Kitui, Kenya.
+254736116989
library@seku.ac.ke